000 00791cab a2200253 4500
001 ABS60099
008 090401t1999 xxu||||| |||| 00| 0 eng d
035 _a(Sirsi) u99708
041 _aeng
100 _aSmit, J.
245 4 _aThe terrace that costs 5% less
260 _c1999
350 _a0
490 _aBuilding Homes
_v(3) March 1999, 36-39(4)
520 _aConsiders the Ideal Home Exhibition`s Slim House - a single-storey, urban design which costs 5% less to build than the traditional terraced home. Includes design and cost analysis.
650 _aCOSTS
650 _aIDEAL HOME EXHIBITION
650 _aNEW HOMES
650 _aSLIM HOUSE
650 _aURBAN DEVELOPMENT
690 _aBUILT ENVIRONMENT-CONSTRUCTION DESIGN
942 _n0
948 _c02/03/1999
999 _c59946
_d59946